| 000 | 01122nam a2200337 i 4500 | ||
|---|---|---|---|
| 001 | 24912 | ||
| 003 | KOSZ 005 | ||
| 005 | 20211124132202.0 | ||
| 008 | 980702s1996 pl a f f |001 0 pol | ||
| 015 | _aPB 1996/14594 | ||
| 020 | _a832041976X | ||
| 040 |
_aWA N _cWA N _dKOSZ 005/HR |
||
| 080 | _a004.032.26 | ||
| 080 | _a510.5 | ||
| 080 | _a(075.8) | ||
| 100 | 1 |
_aOsowski, Stanisław _d(1948- ) _eAutor |
|
| 245 | 1 | 0 |
_aSieci neuronowe w ujęciu algorytmicznym / _cStanisław Osowski. |
| 260 |
_aWarszawa : _bWydawnictwa Naukowo-Techniczne, _c1996. |
||
| 300 |
_a349, [1] s. : _bfot., rys., wykr. ; _c24 cm + _edyskietka. |
||
| 380 | _aKsiążki | ||
| 388 | _a1901-2000 | ||
| 388 | _a1989-2000 | ||
| 504 | _aBibliogr. s. 336-343. - Indeks. | ||
| 650 | 4 | _aSieci neuronowe | |
| 650 | 4 | _aAlgorytmy | |
| 655 | 4 | _aPodręczniki akademickie | |
| 658 | _aInformatyka i technologie informacyjne | ||
| 710 | 2 |
_aWydawnictwa Naukowo-Techniczne _4pbl. |
|
| 856 |
_uhttp://koha.tu.koszalin.pl/cgi-bin/koha/opac-detail.pl?biblionumber=24912 _yKatalog online BPK |
||
| 942 |
_2UKD _cKS |
||
| 999 |
_c24912 _d24912 |
||